| 000 | 00400 a2200133 4500 | ||
|---|---|---|---|
| 001 | 88086 | ||
| 082 | _aPR 325 | ||
| 090 |
_c41496 _d41496 |
||
| 100 | _aKamran Hashmi, 35381 | ||
| 245 | _aStatic and contact analysis of original side frame 6 to original frame of mushshak aircraft | ||
| 260 |
_aRisalpur _bNUST Risalpur _c2004 |
||
| 300 |
_avii, 45p. _eAbid Ali Khan, Dr |
||
| 500 | _aBE project reports | ||
| 942 |
_aCAE NUST _kPR 325 |
||
| 999 |
_c323159 _d323159 |
||